Európsky marketing v podmienkach globalizácie diplomová práca

Saved in:
Bibliographic Details
Main Author: Kukučková, Terézia
Corporate Author: Obchodná fakulta EU. Katedra marketingu
Other Authors: Čihovská, Viera
Format: Book
Language:Slovak
Published: Bratislava 2015
Tags: Add Tag
No Tags, Be the first to tag this record!

MARC

LEADER 00000nbm a2200000 4500
001 0201488
005 20161212104256.5
041 0 |a slo 
044 |a SK 
245 1 0 |a Európsky marketing v podmienkach globalizácie  |b diplomová práca  |c Terézia Kukučková ; školiteľ: Viera Čihovská 
264 1 |a Bratislava  |c 2015 
300 |a 112 s. 
100 1 |a Kukučková, Terézia 
700 1 |a Čihovská, Viera 
710 2 |a Obchodná fakulta EU. Katedra marketingu